Temps estèrils : (Record no. 136887)

MARC details
000 -CABECERA
campo de control de longitud fija 01424nam a2200349zi 4500
001 - NÚMERO DE CONTROL
campo de control 991061595585206706
003 - IDENTIFICADOR DEL NÚMERO DE CONTROL
campo de control ES-BaIT
005 - FECHA Y HORA DE LA ÚLTIMA TRANSACCIÓN
campo de control 20260119093734.0
008 - DATOS DE LONGITUD FIJA--INFORMACIÓN GENERAL
campo de control de longitud fija 260119e202511 spc |||| d cat|c
017 ## - NÚMERO DE COPYRIGHT O DE DEPÓSITO LEGAL
Número de copyright o de depósito legal DL T 483- 2025
Agencia que asigna Oficina DL Tarragona
020 ## - NÚMERO INTERNACIONAL ESTÁNDAR DEL LIBRO
Número Internacional Estándar del Libro 9788413565262
040 ## - FUENTE DE LA CATALOGACIÓN
Centro catalogador/agencia de origen ES-BaIT
Lengua de catalogación cat
Normas de descripción rda
Centro/agencia transcriptor ES-BaIT
080 ## - NÚMERO DE LA CLASIFICACIÓN DECIMAL UNIVERSAL
Número de la Clasificación Decimal Universal 849.9-2"19"
100 1# - ENTRADA PRINCIPAL--NOMBRE DE PERSONA
Nombre de persona Cabré, Toni,
Fechas asociadas al nombre 1957-
Término indicativo de función/relación autor
9 (RLIN) 10751
245 10 - MENCIÓN DE TÍTULO
Título Temps estèrils :
Resto del título tres peces teatrals /
Mención de responsabilidad, etc. Toni Cabré ; pròleg de Joan Cavallé
250 ## - MENCIÓN DE EDICIÓN
Mención de edición Primera edició
264 #1 - PRODUCCIÓN, PUBLICACIÓN, DISTRIBUCIÓN, FABRICACIÓN Y COPYRIGHT
Producción, publicación, distribución, fabricación y copyright Valls :
Nombre del de productor, editor, distribuidor, fabricante 9 Grup Editorial Cossetània Edicions :
-- Quaderns de la Font del Cargol,
Fecha de producción, publicación, distribución, fabricación o copyright novembre 2025.
300 ## - DESCRIPCIÓN FÍSICA
Extensión 184 pàgines ;
Dimensiones 23 cm
336 ## - TIPO DE CONTENIDO
Término de tipo de contenido text
Código de tipo de contenido txt
Fuente rdacontent
337 ## - TIPO DE MEDIO
Nombre/término del tipo de medio sense mediació
Código del tipo de medio n
Fuente rdamedia
338 ## - TIPO DE SOPORTE
Nombre/término del tipo de soporte volum
Código del tipo de soporte nc
Fuente rdacarrier
490 1# - MENCIÓN DE SERIE
Mención de serie Quaderns de la Font del Cargol (Cossetània) ;
Designación de volumen o secuencia 32
505 8# - NOTA DE CONTENIDO CON FORMATO
Nota de contenido con formato Conté: Vespres d'insomni ; Gaire res ; Soc aquí per ajudar-te
700 12 - ENTRADA AGREGADA--NOMBRE PERSONAL
Información de relación/Frase instructiva de referencia Contenidor de (obra):
Nombre de persona Cabré, Toni,
Fechas asociadas al nombre 1957-
Título de la obra Vespres d'insomni
9 (RLIN) 168060
700 12 - ENTRADA AGREGADA--NOMBRE PERSONAL
Información de relación/Frase instructiva de referencia Contenidor de (obra):
Nombre de persona Cabré, Toni,
Fechas asociadas al nombre 1957-
Título de la obra Gaire re
9 (RLIN) 168061
700 12 - ENTRADA AGREGADA--NOMBRE PERSONAL
Información de relación/Frase instructiva de referencia Contenidor de (obra):
Nombre de persona Cabré, Toni,
Fechas asociadas al nombre 1957-
Título de la obra Soc aquí per ajudar-te
9 (RLIN) 168062
700 ## - ENTRADA AGREGADA--NOMBRE PERSONAL
Nombre de persona Cavallé, Joan,
Fechas asociadas al nombre 1958-
Término indicativo de función/relación escriptor d'un pròleg
9 (RLIN) 102419
830 ## - PUNTO DE ACCESO ADICIONAL DE SERIE-TÍTULO UNIFORME
Título uniforme Quaderns de la Font del Cargol (Cossetània Edicions)
Designación de volumen o secuencia 32
9 (RLIN) 157145
908 ## - COLOCAR PARÁMETRO DE COMANDO (RLIN)
Colocar parámetro de comando CDMAE
940 ## - EQUIVALENCIA O REFERENCIA-CRUZADA--TÍTULO UNIFORME [OBSOLETO] [solamente CAN/MARC]
Título uniforme <a href="CDMAE">CDMAE</a>
942 ## - ELEMENTOS DE ENTRADA AGREGADA (KOHA)
Fuente del sistema de clasificación o colocación Clasificación decimal universal
Tipo de ítem Koha Llibre
Holdings
Estado de retiro Estado de pérdida Fuente del sistema de clasificación o colocación Estado dañado No para préstamo Localización permanente Ubicación/localización actual Ubicación en estantería Fecha de adquisición Fuente de adquisición Total de préstamos Renovaciones totales Signatura topográfica completa Código de barras Fecha de vencimiento Fecha visto por última vez Fecha del último préstamo Precio válido a partir de Tipo de ítem Koha
    Clasificación decimal universal     Biblioteca Barcelona Biblioteca Barcelona BCN Lliure Accés 19/01/2026 Compra 1 1 849 CABR tem 1900089628 24/04/2026 30/03/2026 30/03/2026 19/01/2026 Llibre
    Clasificación decimal universal     Biblioteca Terrassa Biblioteca Terrassa VALLÈS-J.Oliver 09/02/2026 Compra     849 CABR tem 1900087973   17/04/2026   09/02/2026 Llibre
    Clasificación decimal universal     Biblioteca Vic Biblioteca Vic OSONA-Vic 20/02/2026 Compra     849 CABR tem 1900087997   20/02/2026   20/02/2026 Llibre

Powered by Koha